| 000 | 01010nam a2200241 i 4500 | ||
|---|---|---|---|
| 001 | 125014 | ||
| 003 | ES-MaACL | ||
| 005 | 20230906192533.0 | ||
| 007 | t| | ||
| 008 | 070426s1925 sp ||||1| spa d | ||
| 111 | 2 |
_aConferencia Nacional de Seguros de Enfermedad, Invalidez y Maternidad ( _d1922. _cBarcelona) _9171469 |
|
| 245 | 1 | 0 |
_aConferencia Nacional de Seguros de Enfermedad, Invalidez y Maternidad _b: Barcelona, noviembre de 1922. |
| 260 |
_aMadrid : _b[s.n.], _c1925 ( _fSobrinos de la Suc. de M. Minuesa de los Ríos) |
||
| 300 |
_a343 p. ; _c25 cm. |
||
| 490 | 1 |
_aPublicaciones del Instituto Nacional de Previsión ; _v142 |
|
| 505 | 8 | _aContiene: Ponencias, actas, conclusiones | |
| 650 | 4 |
_aSeguros de asistencia sanitaria. _9163126 |
|
| 650 |
_aSubsidio de maternidad- _zEspaña. _917240 |
||
| 710 | 2 |
_aInstituto Nacional de Previsión (España) _95180 |
|
| 830 | 1 |
_aPublicaciones del Instituto Nacional de Previsión ; _v142 _9181151 |
|
| 852 |
_aES-MaACL _jC-12649 |
||
| 999 |
_c125014 _d125014 |
||